00410nam a2200145Ia 4500008004100000020002100041041000800062082002000070100001900090245007500109260004500184300000800229365001200237700001500249140306s9999 xx 000 0 und d a81 242 0131 5 aeng a658bBUC/EN -10 aBuckley, Roger aEncyclopaedia of practical management training : coaching skills V .10 aNew DelhibCrest Publishing Housec 1998 a144 bRs .470 aCaple, Jim